| 000 | 00649nam a22002297a 4500 | ||
|---|---|---|---|
| 003 | UA-OsUOA | ||
| 001 | 21902 | ||
| 007 | ta | ||
| 008 | 20031215b un ||||| |||| 00| 0 ukr d | ||
| 090 |
_a070(091) _bІ89 |
||
| 942 | _cBK | ||
| 040 |
_aUA-OsUOA _bukr _cUA-OsUOA _dUA-OsUOA |
||
| 245 | _aІсторія "Українського голосу" в біографіях його основоположників і будівничих | ||
| 300 |
_a112 с. _bІлюстрації |
||
| 955 | _a0 | ||
| 041 | _aukr | ||
| 080 | _a070(091) | ||
| 260 |
_aВінніпег _bТризуб _c1995 |
||
| 044 | _aCA | ||
| 650 | 7 | _2UDC | |
| 999 |
_c308112 _d308112 |
||